| 000 | 01350nam0a22003371 4500 | ||
|---|---|---|---|
| 001 | rc\2724484 | ||
| 005 | 20250529131508.0 | ||
| 035 | _a(NLR Aleph) 006852029 | ||
| 090 |
_a6757192 _c6757192 |
||
| 100 | _a20110915d1938 |||y0rusy50 ca | ||
| 101 | 1 |
_arus _cfre |
|
| 102 | _aRU | ||
| 105 | _aa z |||a| | ||
| 135 | _acrcn 024anaba | ||
| 200 | 1 |
_aОстров пингвинов _e[Роман] _fПер. с фр. З. Венгеровой _gВступ. статья Н. Рыковой: ["Остров пингвинов" Анатолия Франса"] _gИл. Н. Радлова |
|
| 210 |
_aЛенинград _cГослитиздат _d1938 _gТип. "Печатный двор" |
||
| 215 |
_a256 с., 16 вкл. л. ил. _d20 см. |
||
| 325 | _aКопия доступна в Электрон. б-ке РНБ | ||
| 700 | 1 |
_aФранс _bА. _f1844-1924 _gАнатоль |
|
| 702 | 1 |
_aРыкова _bН. _4080 |
|
| 702 | 1 |
_aРадлов _bН. _4440 |
|
| 702 | 1 |
_aВенгерова _bЗ. _4730 |
|
| 801 | 0 |
_aRU _bNLR _gpsbo |
|
| 801 | 1 |
_aRU _bELAR _2rusmarc |
|
| 852 |
_aNLR _j38-3/530 |
||
| 942 | _cBOOK | ||
| 980 | _aNB | ||
| 981 | 3 | 3 |
_a(33) Художественная литература _b(33) Зарубежная литература |